Industrial electronics and control (Record no. 5019)

MARC details
000 -LEADER
fixed length control field 00487nam a2200169Ia 4500
003 - CONTROL NUMBER IDENTIFIER
control field SGT
020 ## - INTERNATIONAL STANDARD BOOK NUMBER
International Standard Book Number 9788120318113
082 ## - DEWEY DECIMAL CLASSIFICATION NUMBER
Classification number 621.381
Item number PAU
100 ## - MAIN ENTRY--PERSONAL NAME
Personal name Paul,Biswanath
245 ## - TITLE STATEMENT
Title Industrial electronics and control
250 ## - EDITION STATEMENT
Edition statement 1,2nd Ed.
260 ## - PUBLICATION, DISTRIBUTION, ETC. (IMPRINT)
Name of publisher, distributor, etc PHI Learning Private Limited
Place of publication, distribution, etc New Delhi
Year of Publication 2008
300 ## - PAGE DESCRIPTION
No. of Pages 542p.
650 ## - SUBJECT ADDED ENTRY--TOPICAL TERM
Topical term or geographic name as entry element ENGINEERING ELECTRONICS
653 ## - KEYWORDS--INDEX TERM
Keyword term POWER SUPPLIES,DIFFERENTIAL AMPLIFIERS,OPERATIONAL AMPLIFIERS,THYRISTORS,MOTOR CONTROL
942 ## - ADDED ENTRY ELEMENTS (KOHA)
Source of classification or shelving scheme Dewey Decimal Classification
Koha item type Books
Holdings
Withdrawn status Lost status Source of classification or shelving scheme Damaged status Use restrictions Not for loan Collection code Home library Current library Shelving location Date acquired SGTU Full call number Accession No. (Barcode) Date last seen Bill Date Koha item type Total Checkouts
    Dewey Decimal Classification   Restricted Access Not For Loan ENGINEERING SGT Engineering Library SGT Engineering Library Reference Book 14/05/2010 SGTU 621.381 PAU FE2276 09/02/2015 09/02/2015 Books  
    Dewey Decimal Classification         SGT Engineering Library SGT Engineering Library   14/05/2010 SGTU 621.381 PAU FE2277 09/02/2015 09/02/2015 Books  
    Dewey Decimal Classification         SGT Engineering Library SGT Engineering Library   14/05/2010 SGTU 621.381 PAU FE2278 09/02/2015 09/02/2015 Books  
    Dewey Decimal Classification         SGT Engineering Library SGT Engineering Library   14/05/2010 SGTU 621.381 PAU FE2279 09/02/2015 09/02/2015 Books  
    Dewey Decimal Classification         SGT Engineering Library SGT Engineering Library   14/05/2010 SGTU 621.381 PAU FE2280 09/02/2015 09/02/2015 Books  
    Dewey Decimal Classification         SGT Engineering Library SGT Engineering Library   06/09/2012 SGTU 621.381 PAU FE5398 09/02/2015 09/02/2015 Books  
    Dewey Decimal Classification         SGT Engineering Library SGT Engineering Library   06/09/2012 SGTU 621.381 PAU FE5399 09/02/2015 09/02/2015 Books